000 00396nam a2200133Ia 4500
008 200103s9999||||xx |||||||||||||| ||und||
040 _aIMU-MPC
082 _aColumn-12
100 _aFassett, F. G.
245 4 _aThe Shipbuilding Business in the United States of America, Vol. 1
250 _aVol. 1
260 _bThe society of Naval Architects and Marine Engineers, New York
_c1948
942 _cBK
999 _c5031
_d5031